| 000 | 01302nam a22003017a 4500 | ||
|---|---|---|---|
| 005 | 20240530110412.0 | ||
| 008 | 150217s2010 ua objfa 001 0 ara d | ||
| 017 |
_a2979/2008 _bمصر . دار الكتب المصرية |
||
| 020 | _a9771442589 | ||
| 040 | _aEG-CaGPL | ||
| 041 | 0 | _aara | |
| 082 | 0 | 4 |
_221 _a910.4 _bط/ن ن |
| 100 | 1 |
_bجاكسون ، توم _qتوم جاكسون |
|
| 245 | 1 | 0 |
_aكوريا الجنوبية / _cتاليف توم جاكسون ؛ ترجمة مروة رشاد عبدالستار ؛ اشراف داليا محمد ابراهيم |
| 250 | _aط2 | ||
| 260 |
_aالقاهرة : _bنهضة مصر للطباعة والنشر والتوزيع ، _c2010 |
||
| 300 |
_a62 ص : _bايض ؛ _c28 سم |
||
| 490 | 0 | _aناشيونال جيوجرافيك : دول العالم | |
| 650 | 0 | 4 | _aالسياحة |
| 651 | 0 | 4 |
_aكوريا الجنوبية _xوصف ورحلات |
| 651 | 0 | 4 |
_aكوريا الجنوبية _xتاريخ |
| 651 | 0 | 4 |
_aكوريا الجنوبية _xالوصغ الجغرافى |
| 651 | 0 | 4 |
_aكوريا الجنوبية _xالعادات والتقاليد |
| 700 | 0 |
_aمروة رشاد عبدالستار _eمترجم |
|
| 700 | 0 |
_aداليا محمد ابراهيم _eمشرف |
|
| 942 |
_2ddc _cBK |
||
| 999 |
_c60472 _d60472 |
||